000 00314nam a2200133Ia 4500
005 20251222143117.0
008 251222s9999||||xx |||||||||||||| ||spa||
020 _a8434533219
082 _a701/S17
245 0 _aEl Rostro Humano en el Arte
250 _a1ra.ed.
264 _bSalvat Editores, S.A.
942 _cLIB
999 _c11378
_d11378